000 00572nam a22002417a 4500
003 UA-OsUOA
001 26483
007 ta
008 20040603b un ||||| |||| 00| 0 ukr d
100 _aЯблонский А.А.
090 _a531
_bЯ14
942 _cBK
040 _aUA-OsUOA
_brus
_cUA-OsUOA
_dUA-OsUOA
245 _aКурс теретической механики
300 _a411 с.
955 _a0
041 _arus
080 _a531
260 _aМосква
_bВисшая школа
_c1966
044 _aRU
650 7 _2UDC
999 _c312808
_d312808